| 000 | 00588nam a2200205Ia 4500 | ||
|---|---|---|---|
| 005 | 20250508154438.0 | ||
| 008 | 008 250505s9999 xx 000 0 eng d | ||
| 037 | _aTextual | ||
| 040 |
_aFEDL _beng _cFEDL |
||
| 041 |
_aeng _2eng |
||
| 084 |
_a025.3, IND _qFEDL |
||
| 245 | 0 | _aIndian standard glossary of cataloguing trems | |
| 245 | 0 | _cIndian Standards Institution | |
| 260 |
_aNew Delhi, India _bIndian Standards Institution _c1959 |
||
| 300 | _a21p | ||
| 365 |
_aINR _b4.5 |
||
| 650 | _aLibrary science | ||
| 942 |
_cTEXL _h025.3, IND |
||
| 999 |
_c1350288 _d1350288 |
||